| 000 | 00000nam 2200000zi 4500 |
| 001 | 9.945921 |
| 003 | CaOODSP |
| 005 | 20250108102345 |
| 006 | m o d f |
| 007 | cr |n||||||||| |
| 008 | 241205s1951 onc o f000 0 eng d |
| 040 | |aCaOODSP|beng|erda|cCaOODSP |
| 043 | |an-cn--- |
| 086 | 1 |aZ1-1949/2-11E-PDF |
| 110 | 1 |aCanada. |bRoyal Commission on National Development in the Arts, Letters and Sciences, |eauthor, |eissuing body. |
| 245 | 10|aBroadcasting in Canada : |bradio & television. |
| 246 | 35|aExtracts from Report of the Royal Commission on National Development in the Arts, Letters and Sciences |
| 264 | 1|aOttawa : |bKing's Printer, |c1951. |
| 300 | |a1 online resource (1 volume in various pagings) |
| 336 | |atext|btxt|2rdacontent |
| 337 | |acomputer|bc|2rdamedia |
| 338 | |aonline resource|bcr|2rdacarrier |
| 500 | |aDigitized edition from print [produced by Government of Canada Publications Directorate]. |
| 500 | |a"From the report of the Royal commission on national development in the arts, letters and sciences, 1949-1951." |
| 650 | 0|aRadio broadcasting|zCanada. |
| 650 | 0|aTelevision broadcasting|zCanada. |
| 650 | 6|aRadio|zCanada. |
| 650 | 6|aTélévision|zCanada. |
| 710 | 1 |aCanada. |bPrivy Council Office, |eissuing body. |
| 787 | 0 |aRoyal Commission on National Development in the Arts, Letters and Sciences, 1949-1951 : report|w9.945684 |
| 856 | 40|qPDF|s9192 KB|uhttps://publications.gc.ca/collections/collection_2024/bcp-pco/Z1-1949-2-11-eng.pdf |